000 01790nam a22004817a 4500
001 000095389
003 CHAP
005 20220817044102.0
008 060313d2001 mx r 00110 spa d
010 _a91855
011 _a92827
035 _a103393
040 _cCHAP
090 _aTesis
100 1 _aRamírez Sánchez, Susana Elizabeth.
_994288
245 1 0 _aAnálisis ecológico de la vegetación gypsófila del Valle de Cuatrociénegas, Coahuila, México /
_c/por.
260 _aChapingo, Méx. :
_bEl autor,
_c2001.
300 _a84 h. :
_bilus.
502 _aTesis (M.C. en Ciencias Forestales) -- UACH. División de Ciencias Forestales
590 _aALEPH
_b10
_c20130110
_lUCH01
_h1510
590 _aBATCH-UPD
_b10
_c20130110
_lUCH01
_h0632
590 _aBATCH-UPD
_b10
_c20130110
_lUCH01
_h2323
590 _aBATCH-UPD
_b10
_c20130410
_lUCH01
_h0316
590 _aBATCH-UPD
_b10
_c20130914
_lUCH01
_h0738
590 _aBATCH-UPD
_b10
_c20140324
_lUCH01
_h1455
590 _aBATCH-UPD
_b10
_c20141002
_lUCH01
_h0829
590 _aCONVERSION
_b10
_c20130109
_lUCH01
_h1351
590 _aE12093SGE
_b10
_c20130603
_lUCH01
_h1036
650 1 4 _aBotánica
_xCoahuila.
_914519
650 1 4 _aFauna desértica.
_939839
650 1 4 _aRecursos naturales
_xCoahuila.
_995217
650 1 4 _aRecursos naturales
_xConservación.
650 1 4 _aRecursos naturales
_xProtección.
_995306
650 1 4 _aSuelos y ecología.
_9110574
650 1 4 _aSuelos yesíferos.
_9110580
856 _3Finding aid
_uhttp://10.13.5.2/tesis/103393.pdf
_zTeclea aquí
901 _aBK
905 _aAlejandra Carrasco M.
942 _cCD
942 _n0
949 _aTesis
_bBC
_cTES
_d00000001033931
_eTS1
_gDonaciØn
_h44552
_i103393
_sb
949 _aTesis
_bBC
_cTES
_d33724000999611
_eTS2
_fc.2
_gDonaciØn
_h44553
_i103393
_si
999 _c91855
_d91855